| 000 | 01681cam a2200421 a 4500 | ||
|---|---|---|---|
| 003 | CHAP | ||
| 005 | 20220817043548.0 | ||
| 008 | 990630d1998 mx a r 10100 spa d | ||
| 010 | _a78516 | ||
| 011 | _a79488 | ||
| 020 | _a9688845221 | ||
| 035 | _a89744 | ||
| 040 | _cCHAP | ||
| 082 | 0 | 4 |
_a301.35063 _bC6 |
| 111 | 0 | 0 |
_aCongreso Latinoamericano de Sociología Rural _n( 5: _d1998 : _cChapingo, Méx.) _926829 |
| 245 | 1 | 0 |
_aGlobalización, crisis y desarrollo rural en América Latina : _bmemoria de sesiones plenarias _c/por UACH |
| 260 |
_aChapingo, Méx. : _bUACH, _c1998. |
||
| 300 |
_a233 p. : _bilus. |
||
| 590 |
_aBATCH-UPD _b10 _c20130110 _lUCH01 _h0454 |
||
| 590 |
_aBATCH-UPD _b10 _c20130410 _lUCH01 _h0131 |
||
| 590 |
_aBATCH-UPD _b10 _c20130914 _lUCH01 _h1031 |
||
| 590 |
_aCONVERSION _b10 _c20130109 _lUCH01 _h1343 |
||
| 650 | 1 | 4 |
_aAmerica Latina _xCondiciones economicas. _95390 |
| 650 | 1 | 4 |
_aAmerica Latina _xCondiciones rurales. |
| 650 | 1 | 4 |
_aGlobalización. _948300 |
| 650 | 1 | 4 |
_aMovimientos campesinos. _979160 |
| 650 | 1 | 4 |
_aNeoliberalismo. _980855 |
| 650 | 1 | 4 |
_aSociología rural _xCongresos. _9108226 |
| 901 | _aBK | ||
| 905 | _aMayto Villalobos S. | ||
| 942 | _cLIBRO | ||
| 949 |
_a301.35063 C6 _bBC _cCONG _d897444 _eCONG _fc.4 _h95556 _i89744 _sb |
||
| 949 |
_a301.35063 C6 _bBC _cLIBRO _d33724000729737 _eLIBRO _fc.2 _h95554 _i89744 _sb |
||
| 949 |
_a301.35063 C6 _bBC _cLIBRO _d33724000730339 _eLIBRO _fc.3 _h95555 _i89744 _si |
||
| 949 |
_a301.35063 C6 _bBC _cLIBRO _d33724000730347 _eLIBRO _h95553 _i89744 _si |
||
| 949 |
_a301.35063 C6 _bBC _cLIBRO _d33724000868162 _eLIBRO _fc.6 _gDonaciØn _h104380 _i89744 _si |
||
| 949 |
_a301.35063 C6 _bBC _cUACH _d897445 _eUACH _fc.5 _h95557 _i89744 _sb |
||
| 999 |
_c78516 _d78516 |
||